000 00375nam a2200133Ia 4500
005 20260328104334.0
008 260328s9999||||xx |||||||||||||| ||und||
100 _aFernández, David
245 0 _aEnciclopedia de la Construcción. Tomo 6 :
_b Cocinas y Baño /
_cDavid Fernández
260 _bdaly de la construcción
300 _a120 p.
650 _aCOCINA
942 _cBK
999 _c11836
_d11836